THE ELECTRICITY RULES, 2005 (Record no. 8582)

MARC details
000 -LEADER
fixed length control field 00345nam a22001577a 4500
005 - DATE AND TIME OF LATEST TRANSACTION
control field 20240831144142.0
008 - FIXED-LENGTH DATA ELEMENTS--GENERAL INFORMATION
fixed length control field 240830b |||||||| |||| 00| 0 eng d
041 ## - LANGUAGE CODE
Language code of text/sound track or separate title eng
082 ## - DEWEY DECIMAL CLASSIFICATION NUMBER
Classification number 340
100 ## - MAIN ENTRY--AUTHOR NAME
Personal name BARE ACT
245 ## - TITLE STATEMENT
Title THE ELECTRICITY RULES, 2005
260 ## - PUBLICATION, DISTRIBUTION, ETC. (IMPRINT)
Place of publication GURGAON
Name of publisher LEXIS NEXIS
300 ## - PHYSICAL DESCRIPTION
Number of Pages 262;P
650 ## - SUBJECT ADDED ENTRY--TOPICAL TERM
Topical Term MINING
942 ## - ADDED ENTRY ELEMENTS (KOHA)
Koha item type Books
Holdings
Lost status Damaged status Collection code Home library Current library Shelving location Date acquired Source of acquisition Cost, normal purchase price Serial Enumeration / chronology Full call number Accession Number Koha item type
    Reference JRU Library JRU Library SHELF-72-D 30/08/2024 PURCHASE 395.00 NEW ARRIVALS SHELF 340 28301 Books